<?xml version="1.0" encoding="UTF-8"?>
<marc:record xmlns:marc="http://www.loc.gov/MARC21/slim">
   <marc:leader>00000nam a2200000 a 4500</marc:leader>
   <marc:datafield ind1="1" ind2=" " tag="100">
      <marc:subfield code="a">Müksch, Daniel</marc:subfield>
      <marc:subfield code="4">aut</marc:subfield>
      <marc:subfield code="e">Verfasser/-in</marc:subfield>
   </marc:datafield>
   <marc:datafield ind1=" " ind2=" " tag="653">
      <marc:subfield code="a">Australian Open</marc:subfield>
   </marc:datafield>
   <marc:datafield ind1=" " ind2=" " tag="653">
      <marc:subfield code="a">Australien</marc:subfield>
   </marc:datafield>
   <marc:datafield ind1=" " ind2=" " tag="653">
      <marc:subfield code="a">Boris Becker</marc:subfield>
   </marc:datafield>
   <marc:datafield ind1=" " ind2=" " tag="653">
      <marc:subfield code="a">Daniel Müksch</marc:subfield>
   </marc:datafield>
   <marc:datafield ind1=" " ind2=" " tag="653">
      <marc:subfield code="a">Djoker</marc:subfield>
   </marc:datafield>
   <marc:datafield ind1=" " ind2=" " tag="653">
      <marc:subfield code="a">Tenniskarriere</marc:subfield>
   </marc:datafield>
   <marc:datafield ind1=" " ind2=" " tag="653">
      <marc:subfield code="a">Esoterik</marc:subfield>
   </marc:datafield>
   <marc:datafield ind1=" " ind2=" " tag="653">
      <marc:subfield code="a">Grand Slam</marc:subfield>
   </marc:datafield>
   <marc:datafield ind1=" " ind2=" " tag="653">
      <marc:subfield code="a">Grand Slam-Rekordhalter</marc:subfield>
   </marc:datafield>
   <marc:datafield ind1=" " ind2=" " tag="653">
      <marc:subfield code="a">Impfverweigerer</marc:subfield>
   </marc:datafield>
   <marc:datafield ind1=" " ind2=" " tag="653">
      <marc:subfield code="a">Nadal</marc:subfield>
   </marc:datafield>
   <marc:datafield ind1=" " ind2=" " tag="653">
      <marc:subfield code="a">Niki Pilic</marc:subfield>
   </marc:datafield>
   <marc:datafield ind1=" " ind2=" " tag="653">
      <marc:subfield code="a">Novak Djokovic</marc:subfield>
   </marc:datafield>
   <marc:datafield ind1=" " ind2=" " tag="653">
      <marc:subfield code="a">Rekordsieger</marc:subfield>
   </marc:datafield>
   <marc:datafield ind1=" " ind2=" " tag="653">
      <marc:subfield code="a">Roger Federer</marc:subfield>
   </marc:datafield>
   <marc:datafield ind1=" " ind2=" " tag="653">
      <marc:subfield code="a">Serbien</marc:subfield>
   </marc:datafield>
   <marc:datafield ind1=" " ind2=" " tag="653">
      <marc:subfield code="a">Tennis</marc:subfield>
   </marc:datafield>
   <marc:datafield ind1=" " ind2=" " tag="653">
      <marc:subfield code="a">Tennisprofi</marc:subfield>
   </marc:datafield>
   <marc:datafield ind1=" " ind2=" " tag="653">
      <marc:subfield code="a">Tennis-Star</marc:subfield>
   </marc:datafield>
   <marc:datafield ind1=" " ind2=" " tag="653">
      <marc:subfield code="a">Weltranglistenerster</marc:subfield>
   </marc:datafield>
   <marc:datafield ind1=" " ind2=" " tag="653">
      <marc:subfield code="a">Djokovic</marc:subfield>
   </marc:datafield>
   <marc:datafield ind1=" " ind2=" " tag="653">
      <marc:subfield code="a">Werkstatt Verlag</marc:subfield>
   </marc:datafield>
   <marc:datafield ind1=" " ind2=" " tag="653">
      <marc:subfield code="a">Verlag Die Werkstatt</marc:subfield>
   </marc:datafield>
   <marc:datafield ind1=" " ind2=" " tag="653">
      <marc:subfield code="a">Werkstatt Buch</marc:subfield>
   </marc:datafield>
   <marc:datafield ind1=" " ind2=" " tag="653">
      <marc:subfield code="a">Biografie</marc:subfield>
   </marc:datafield>
   <marc:datafield ind1="0" ind2="0" tag="245">
      <marc:subfield code="a">Novak Djokovic</marc:subfield>
   </marc:datafield>
   <marc:datafield ind1="0" ind2="0" tag="245">
      <marc:subfield code="b">der Unerreichte</marc:subfield>
   </marc:datafield>
   <marc:datafield ind1="0" ind2="0" tag="245">
      <marc:subfield code="c">Daniel Müksch</marc:subfield>
   </marc:datafield>
   <marc:datafield ind1=" " ind2="1" tag="264">
      <marc:subfield code="a">Bielefeld</marc:subfield>
      <marc:subfield code="b">Verlag Die Werkstatt</marc:subfield>
      <marc:subfield code="c">2025</marc:subfield>
   </marc:datafield>
   <marc:datafield ind1=" " ind2=" " tag="250">
      <marc:subfield code="a">2. aktualisierte und erweiterte Auflage</marc:subfield>
   </marc:datafield>
   <marc:datafield ind1="1" ind2=" " tag="520">
      <marc:subfield code="a">Der Unerreichte

Das Buch ist eine Biografie, die Djokovic nicht nur als Sportler, sondern als Mensch mit all seinen Widersprüchen und Kämpfen zeigt. Es beschreibt, wie seine Lebensgeschichte stark geprägt ist von Konflikten – inneren und äußeren – und beleuchtet Bereiche, die eher im Schatten seiner sportlichen Erfolge stehen.

Djokovic wächst in schwierigen Verhältnissen auf. Erlebt den Krieg – Jugoslawienkrieg – in seiner Heimat und Bombenangriffe. Seine Familie stammt aus einfachen Verhältnissen, er erlebt jedoch starke Förderung und Unterstützung durch Familie und Trainer.

Das Buch erklärt aber auch, warum und womit Djokovic Zeit seines Lebens polarisiert hat: Er nimmt kein Blatt vor den Mund. Er mischt sich politisch genauso ein wie er auch für die Interessen der Spieler auf der Tour eintritt. Und er bleibt stur, als beispielsweise die Impfung gegen Corona zur Voraussetzung zur Teilnahme an den Australian Open wird. So verpasste er sogar einmal die Australian Open, seinen Lieblings-Grand-Slam.

Müksch zeigt Djokovic als jemanden, der ständig im Widerstreit lebt – im Krieg um sein Überleben in der Kindheit, später im Wettbewerb gegen Legenden, im medialen und öffentlichen Druck, im persönlichen Bereich, aber auch im eigenen Anspruch. Es versucht nicht, ihn zu glorifizieren, sondern ein komplexes Bild zu zeichnen.

• Die aktualisierte Biografie zum bevorstehenden Karriereende eines Rekordsiegers?

• Das ganze Leben von Novak Djokovic – von seiner Geburt bis zum erfolgreichsten Tennisspieler aller Zeiten – in einem Buch?

• Mit großartigen Bildern aus der Kindheit, mit der Familie und bei seinen größten Erfolgen?

• Mit den Eindrücken von Djokovics Fitnesscoach Gebhard Gritsch und Jugendtrainer Niki Pilic?

• Ein beeindruckendes Porträt und passendes Geschenk für jeden Sportfan
</marc:subfield>
   </marc:datafield>
   <marc:datafield ind1=" " ind2=" " tag="020">
      <marc:subfield code="a">9783730707906</marc:subfield>
      <marc:subfield code="9">9783730707906</marc:subfield>
   </marc:datafield>
   <marc:datafield ind1=" " ind2=" " tag="020">
      <marc:subfield code="a">3730707906</marc:subfield>
      <marc:subfield code="9">3730707906</marc:subfield>
   </marc:datafield>
   <marc:datafield ind1=" " ind2=" " tag="041">
      <marc:subfield code="a">ger</marc:subfield>
   </marc:datafield>
   <marc:datafield ind1=" " ind2=" " tag="300">
      <marc:subfield code="a">269 Seiten</marc:subfield>
   </marc:datafield>
</marc:record>
